| 000 | 00805cam a2200241 a 4500 | ||
|---|---|---|---|
| 001 | 000004362 | ||
| 005 | 20200929151430.0 | ||
| 008 | 880919s1995 sp 000 f spa d | ||
| 020 | _a8420646598 | ||
| 040 |
_aDO-SdBNP _bspa _cBNPHU |
||
| 082 |
_a813.5 _bH224u |
||
| 100 | 1 |
_aHammett, Dashiell, _d1894-1961 _912851 |
|
| 240 | 1 | 0 | _aA woman in the dark |
| 245 | 1 | 0 |
_aUna mujer en la oscuridad / _cDashiell Hammett ; traducción de Francisco Pérez de la Cadena. |
| 260 |
_aMadrid : _bAlianza Editorial _bGrupo Anaya, _c1995. |
||
| 300 |
_a95 p. ; _c15 cm. |
||
| 490 | 1 |
_aAlianza cien _v59 |
|
| 500 | _aLibro de bolsillo | ||
| 650 | 4 |
_aNovela estadounidense _9262 |
|
| 650 | 4 |
_aLiteratura estadounidense _9263 |
|
| 700 | 1 |
_aPérez de la Cadena, Francisco, _etr. _912852 |
|
| 830 | 0 |
_aAlianza cien ; _n59 _912853 |
|
| 999 |
_c4171 _d4171 |
||